Reputation tracklist - Statistics

General Stats
  • This quiz has been taken 13 times
  • The average score is 12 of 15
Answer Stats
No. Answer % Correct
4 Dont Blame Me
100%
2 End Game
100%
8 Gorgeous
100%
6 Look What You Made Me Do
100%
1 ...Ready for it?
100%
5 Delicate
88%
12 Dress
88%
9 Getaway Car
88%
15 New Year's Day
88%
13 This Is Why We Can't Have Nice Things
75%
14 Call It What You Want
63%
11 Dancing With Our Hands Tied
63%
3 I Did Something Bad
63%
10 King of My Heart
63%
7 So It Goes...
50%
No matching quizzes found
Score Distribution
Percent of People with Each Score
Percentile by Number Answered
Your Score History
You have not taken this quiz